00597nam a2200205 i 4500001001100000003000500011005001700016008004100033022001800074040002500092100004200117245005900159264006400218300001300282336002100295337002500316338002300341942001000364999001700374C2-0293969PPAK20180728025741.0090205s1997 my |||| ||||| | may d a967-942-365-4 aPPAKbengcPPAKerda0 aPakeer Oothuman Syed Ahamed, eauthor10aJangkitan Cacing dan Kesihatan Kanak-kanak di Malaysia 1aBangi, Selangor : bUniversiti Kebangsaan Malaysia , c1997 a38 pages 2rdacontentatext 2rdamediaaunmediated 2rdacarrieravolume ddccB c98638d98638